Computer programming for experimental chemical information and data system (Record no. 55871)
[ view plain ]
| 000 -LEADER | |
|---|---|
| fixed length control field | 00484nam a22001217a 4500 |
| 008 - FIXED-LENGTH DATA ELEMENTS--GENERAL INFORMATION | |
| fixed length control field | 230728b |||||||| |||| 00| 0 eng d |
| 040 ## - CATALOGING SOURCE | |
| Original cataloging agency | National Science Library |
| Transcribing agency | National Science Library |
| 100 1# - MAIN ENTRY--PERSONAL NAME | |
| Personal name | Lefkovitz, David |
| 9 (RLIN) | 12842 |
| 245 ## - TITLE STATEMENT | |
| Title | Computer programming for experimental chemical information and data system |
| Statement of responsibility, etc. | / University of Pennsylvania Philadelphia, Pennsylvania June 1968 |
| 260 ## - PUBLICATION, DISTRIBUTION, ETC. | |
| Place of publication, distribution, etc. | Washington: |
| Name of publisher, distributor, etc. | US Department of Commerce, |
| Date of publication, distribution, etc. | 1968 |
| 300 ## - PHYSICAL DESCRIPTION | |
| Extent | 308p. |
| 942 ## - ADDED ENTRY ELEMENTS (KOHA) | |
| Source of classification or shelving scheme | Universal Decimal Classification |
| Koha item type | Reference |
| Withdrawn status | Lost status | Source of classification or shelving scheme | Damaged status | Not for loan | Home library | Current library | Shelving location | Date acquired | Total Checkouts | Barcode | Date last seen | Price effective from | Koha item type |
|---|---|---|---|---|---|---|---|---|---|---|---|---|---|
| Universal Decimal Classification | National Science Library | National Science Library | GF/Rk-6/C-22/R-3 | 24/12/1969 | 27658 | 27/06/2024 | 24/12/2023 | Reference |